Music Quiz

Random Music or Song Quiz

Guess the Lyrics - MMXIII Quiz Stats

 Plays Quiz not verified by Sporcle

Challenge
Share
Tweet
Embed
Score 0/71 Timer 10:00
0 Plays Today
Hint Answer % Correct
a
96%
a
96%
and
96%
a
96%
a
96%
a
96%
a
96%
a
96%
you
94%
you
94%
you
94%
it
82%
it
82%
it
82%
do
74%
if
72%
in
72%
for
72%
if
72%
your
70%
your
70%
of
68%
of
68%
of
68%
to
68%
of
68%
of
68%
it's
66%
it's
66%
it's
66%
it's
66%
it's
66%
all
64%
with
54%
too
54%
as
48%
Hint Answer % Correct
get
46%
life
42%
life
42%
life
42%
life
42%
you'll
42%
life
42%
wanna
36%
over
36%
way
34%
way
34%
way
34%
make
34%
way
34%
way
34%
much
26%
use
24%
use
24%
own
22%
poop
18%
condom
14%
eat
14%
doodoo
12%
poopsex
12%
poopsex
12%
poopsex
12%
poopsex
12%
pleasure
12%
poopsex
12%
poopsex
12%
dildo
10%
extra
10%
sure
10%
fiber
10%
poopoo
10%

You're not logged in!

Compare scores with friends on all Sporcle quizzes.
Join for Free
OR
Log In

You Might Also Like...

Show Comments

Extras

Created Oct 25, 2013ReportNominate
Tags:Song Quiz, classic

Top Quizzes Today


Score Distribution

Your Account Isn't Verified!

In order to create a playlist on Sporcle, you need to verify the email address you used during registration. Go to your Sporcle Settings to finish the process.

Report this User

Report this user for behavior that violates our Community Guidelines.

Details: